Retrofit linky na výrobu plastových vriec
Salvato in:
| Autore principale: | |
|---|---|
| Altri autori: | |
| Natura: | Manoscritto Libro |
| Lingua: | slovacco |
| Pubblicazione: |
2021
|
| Soggetti: | |
| Accesso online: | http://is.stuba.sk/zp/portal_zp.pl?podrobnosti=158383 |
| Tags: |
Nessun Tag, puoi essere il primo ad aggiungerne!!
|
MARC
| LEADER | 00000ntm a22000003a 4500 | ||
|---|---|---|---|
| 001 | stuzp82515 | ||
| 003 | SK-STU | ||
| 005 | 20210612211158.6 | ||
| 007 | ta | ||
| 008 | 150427s2015----xo-----f-mn---000-0-slo-d | ||
| 040 | |a STU |b slo | ||
| 041 | 0 | |a slo | |
| 100 | 1 | |a Herák, Miroslav |u 066000 |4 aut |U MTF Materiálovotechnologická fakulta |T MTF Ústav aplikovanej informatiky, automatizácie a mechatroniky |X 105508 |U M6000 |Y 86 |7 105508 | |
| 242 | 0 | 1 | |a Retrofit of line for the plastic bags production |y eng |
| 245 | 1 | 0 | |a Retrofit linky na výrobu plastových vriec |
| 260 | |c 2021 | ||
| 650 | 4 | |a retrofit |2 slo | |
| 650 | 4 | |a výrobná linka |2 slo | |
| 650 | 4 | |a materiál |2 slo | |
| 650 | 4 | |a plastové vrecko |2 slo | |
| 650 | 4 | |a PLC |2 slo | |
| 650 | 4 | |a HMI |2 slo | |
| 650 | 4 | |a prevádzka |2 slo | |
| 650 | 4 | |a retrofit |2 eng | |
| 650 | 4 | |a production line |2 eng | |
| 650 | 4 | |a material |2 eng | |
| 650 | 4 | |a plastic bag |2 eng | |
| 650 | 4 | |a PLC |2 eng | |
| 650 | 4 | |a HMI |2 eng | |
| 650 | 4 | |a operation |2 eng | |
| 700 | 1 | |a Gašpar, Gabriel |u 066000 |k Z8 |4 ths |U MTF Materiálovotechnologická fakulta |T MTF Ústav aplikovanej informatiky, automatizácie a mechatroniky |X 44945 |U M6000 |Y 86 |7 A000044945 | |
| 856 | 4 | |u http://is.stuba.sk/zp/portal_zp.pl?podrobnosti=158383 | |
| 996 | |c M* DP-14544 |l MMSKP |s P |a 0 |w stuzp82515_0001 | ||